Normal view
MARC view
Entry Topical Term
001 - CONTROL NUMBER
- control field: 13204
003 - CONTROL NUMBER IDENTIFIER
- control field: BD-RjUL
005 - DATE AND TIME OF LATEST TRANSACTION
- control field: 20240528111256.0
008 - FIXED-LENGTH DATA ELEMENTS
- fixed length control field: 240528|| aca||aabn | a|a d
040 ## - CATALOGING SOURCE
- Original cataloging agency: BD-RjUL
- Transcribing agency: BD-RjUL
150 ## - HEADING--TOPICAL TERM
- Topical term or geographic name entry element: Fishery
- Form subdivision: Reproductive
670 ## - SOURCE DATA FOUND
- Source citation: Work cat.: (BD-RjUL)83836: Kafi, Md. Shafiul 6555, Reproductive Biology and the Efficacy of some Supplementary Feeds on the Growth of Clarias Batrachus (Lin) with Reference to its Fishery in Rajshahi /, 2007